[Event "Moscow Open 2007"]
[Site "Moscow"]
[Date "2007.02.03"]
[Round "8"]
[White "Lyubokhiner, Leonid M"]
[Black "Lavrentiev, Yuri"]
[Result "0-1"]
[WhiteElo "1805"]
[BlackElo "1977"]
[PlyCount "108"]
[EventDate "2007.??.??"]

1. e4 c5 2. Nf3 d6 3. Nc3 a6 4. d4 cxd4 5. Qxd4 Nc6 6. Qe3 b5 7. a4 b4 8. Nd5
Rb8 9. Be2 e6 10. Nf4 Be7 11. O-O Nf6 12. h3 O-O 13. Bd2 d5 14. exd5 Nxd5 15.
Nxd5 exd5 16. Ne5 Nxe5 17. Qxe5 Bd6 18. Qd4 Re8 19. Bf3 Be5 20. Qd3 Qf6 21.
Rae1 Bf5 22. Qb3 d4 23. Be4 Bxe4 24. Rxe4 Bh2+ 25. Kxh2 Rxe4 26. Bxb4 Qe5+ 27.
f4 Qe6 28. Qxe6 fxe6 29. Ba3 Re2 30. Rd1 Rd8 31. Bc5 Rxc2 32. Rxd4 Rxd4 33.
Bxd4 Rc4 34. Bc3 Rxa4 35. Kg3 Kf7 36. Kf3 g6 37. h4 h5 38. g4 hxg4+ 39. Kxg4
Rc4 40. Be5 a5 41. h5 gxh5+ 42. Kxh5 a4 43. Kg5 Rc2 44. Kh6 Rg2 45. Kh5 Ke8 46.
Kh4 Kd7 47. Kh3 Rg8 48. Bf6 Kc6 49. Bg5 Kd5 50. Bf6 Ke4 51. Be5 Kf3 52. Kh2 Rg4
53. Kh1 Rxf4 54. Bxf4 Kxf4 0-1

[Event "Moscow Open 2007"]
[Site "Moscow"]
[Date "2007.02.04"]
[Round "9"]
[White "Smirnov, Pavel"]
[Black "Kazhgaleyev, Murtas"]
[Result "1/2-1/2"]
[WhiteElo "2621"]
[BlackElo "2579"]
[PlyCount "66"]
[EventDate "2007.??.??"]

1. e4 e5 2. Nf3 Nc6 3. Bb5 a6 4. Ba4 Nf6 5. O-O b5 6. Bb3 Bc5 7. c3 d6 8. a4
Rb8 9. d4 Bb6 10. a5 Ba7 11. h3 O-O 12. Be3 exd4 13. cxd4 Nxe4 14. Qc2 Qe8 15.
Nc3 Nf6 16. Rfe1 Qd7 17. d5 Nb4 18. Qd2 Bxe3 19. Rxe3 Bb7 20. Nh4 c5 21. dxc6
Nxc6 22. Rg3 Ne8 23. Re1 Kh8 24. Qg5 h6 25. Qf4 Ne5 26. Ng6+ Nxg6 27. Rxg6 Kh7
28. Bc2 Kg8 29. Rg3 Kh8 30. Rg6 Kg8 31. Rg3 Kh8 32. Rg6 Kg8 33. Rg3 Kh8 1/2-1/2

[Event "Moscow Open 2007"]
[Site "Moscow"]
[Date "2007.02.04"]
[Round "9"]
[White "Malakhov, Vladimir"]
[Black "Grachev, Boris"]
[Result "1-0"]
[WhiteElo "2663"]
[BlackElo "2563"]
[PlyCount "165"]
[EventDate "2007.??.??"]

1. c4 e6 2. Nf3 d5 3. b3 Nf6 4. g3 Be7 5. Bg2 O-O 6. O-O b6 7. Bb2 Bb7 8. e3 c5
9. Nc3 Ne4 10. Ne2 Bf6 11. Qc1 Nd7 12. d3 Bxb2 13. Qxb2 Nef6 14. h3 h6 15. g4
Qc7 16. Ng3 Rad8 17. Rad1 Rfe8 18. Kh1 e5 19. Nh4 Nf8 20. Nhf5 Ne6 21. f4 exf4
22. exf4 d4 23. Qd2 Bxg2+ 24. Kxg2 Nh7 25. Rde1 Kh8 26. Re2 Nef8 27. Rfe1 Rxe2+
28. Rxe2 Qc6+ 29. Kh2 Re8 30. Ne7 Qd7 31. Qe1 Ne6 32. Nd5 Nhf8 33. Nf5 Nc7 34.
Rxe8 Nxe8 35. Qe7 Qxe7 36. Nfxe7 Nd6 37. Nc6 Nc8 38. Kg3 Nd7 39. f5 Kg8 40. a3
a5 41. Kf4 g5+ 42. fxg6 fxg6 43. Ne5 Nf8 44. Nf6+ Kg7 45. Ne8+ Kg8 46. Ke4 Ne6
47. h4 Kf8 48. Nf6 Kg7 49. Ned7 Kf7 50. Nd5 b5 51. a4 bxa4 52. bxa4 Ke8 53.
N5f6+ Kf7 54. Ke5 Nd8 55. Ne4 Nb7 56. h5 g5 57. Ng3 Nbd6 58. Nf6 Nxc4+ 59. dxc4
Nb6 60. Nfe4 Nxc4+ 61. Kd5 Nb6+ 62. Kxc5 Nxa4+ 63. Kxd4 Nb6 64. Nf5 a4 65.
Nxh6+ Kf8 66. Nf5 a3 67. Kc3 Nc4 68. Kb3 Ne5 69. h6 Kg8 70. Nf6+ Kf7 71. h7 Ng6
72. Ne4 Nh8 73. Nxg5+ Kg6 74. Nf3 Kxh7 75. Ne5 Kg8 76. Kxa3 Kh7 77. Kb4 Kg8 78.
Kc5 Kh7 79. Kd5 Kg8 80. Ke6 Kh7 81. Kf6 Kg8 82. Ne7+ Kh7 83. N5g6 1-0

[Event "Moscow Open 2007"]
[Site "Moscow"]
[Date "2007.02.04"]
[Round "9"]
[White "Bocharov, Dmitry"]
[Black "Dobrov, Vladimir"]
[Result "0-1"]
[WhiteElo "2602"]
[BlackElo "2479"]
[PlyCount "152"]
[EventDate "2007.??.??"]

1. d4 d5 2. c4 c6 3. Nf3 Nf6 4. Nc3 e6 5. Bg5 h6 6. Bxf6 Qxf6 7. e3 Nd7 8. Bd3
dxc4 9. Bxc4 g6 10. O-O Qe7 11. e4 Bg7 12. e5 O-O 13. Re1 Rd8 14. Qe2 b6 15.
Rad1 Bb7 16. Ba6 Nb8 17. Bxb7 Qxb7 18. h4 Na6 19. Ne4 Nb4 20. a3 Nd5 21. Rd2 c5
22. dxc5 bxc5 23. Nxc5 Qb6 24. Rc1 Rac8 25. Rdc2 Ne7 26. Rc4 Rd5 27. b4 Rcd8
28. Nb3 Qb5 29. Nbd4 Qa6 30. Qe3 Nf5 31. Nxf5 gxf5 32. Rd4 Rxd4 33. Nxd4 f4 34.
Qxf4 Qxa3 35. Nc6 Rd7 36. Kh2 Qd3 37. Rc4 Qd5 38. Rc5 Qd3 39. Qg4 Kh7 40. Rc4
Rd5 41. Rf4 Rd7 42. Rf3 Qe2 43. Qf4 Rc7 44. Re3 Qb5 45. Rc3 Qd5 46. Rc5 Qd3 47.
Qc1 Qe4 48. f4 h5 49. Rc4 Qd3 50. Qc2 Qxc2 51. Rxc2 a6 52. Kg3 Bf8 53. Kf3 Rb7
54. Nd8 Rd7 55. Nc6 Rd3+ 56. Ke4 Rb3 57. f5 Rb1 58. fxe6 fxe6 59. Ra2 Bxb4 60.
Rxa6 Bc3 61. Kd3 Ba1 62. Ra7+ Kg6 63. Ne7+ Kg7 64. Nf5+ Kg6 65. Ne7+ Kg7 66.
Nc6+ Kg6 67. Re7 Kf5 68. Rg7 Rb3+ 69. Ke2 Rb6 70. Na5 Rb4 71. Nc6 Rb6 72. Na5
Rb4 73. Rg5+ Ke4 74. Kd2 Bd4 75. Nc6 Be3+ 76. Kc3 Rb6 0-1

[Event "Moscow Open 2007"]
[Site "Moscow"]
[Date "2007.02.04"]
[Round "9"]
[White "Novikov, Stanislav"]
[Black "Aleksandrov, Aleksej"]
[Result "0-1"]
[WhiteElo "2535"]
[BlackElo "2601"]
[PlyCount "122"]
[EventDate "2007.??.??"]

1. e4 e5 2. Nf3 Nc6 3. d4 exd4 4. Nxd4 Nf6 5. Nxc6 bxc6 6. e5 Qe7 7. Qe2 Nd5 8.
c4 Nb6 9. Nc3 Qe6 10. Qe4 g6 11. Be3 Bg7 12. f4 O-O 13. O-O-O d6 14. Qxc6 dxe5
15. Qxc7 Ba6 16. Nd5 exf4 17. Bxb6 axb6 18. Qxf4 Rfc8 19. Kb1 Bb7 20. Qf2 Rc5
21. a3 Bxd5 22. Rxd5 Rxd5 23. cxd5 Qxd5 24. Qf3 Rd8 25. Qxd5 Rxd5 26. Kc2 Rc5+
27. Kb3 Rc1 28. g3 Rb1 29. Ka4 Rxb2 30. Bc4 Bd4 31. Rf1 Bf2 32. Rd1 Bc5 33. Rf1
Rxh2 34. Rxf7 Kh8 35. Rd7 Rg2 36. Rd3 h5 37. Kb5 Kg7 38. a4 Bg1 39. Kc6 Kh6 40.
Bb3 Re2 41. Bc4 Re5 42. Bf7 Rc5+ 43. Kb7 Rf5 44. Bd5 Bf2 45. Be6 Re5 46. Bd5 g5
47. Kc6 g4 48. Rb3 Kg5 49. Rb2 Rf5 50. Be6 Re5 51. Bd5 Rf5 52. Be6 Rf3 53. Rb5+
Kh6 54. Rf5 Rxf5 55. Bxf5 Kg5 56. Bd7 Bxg3 57. Kxb6 Bf2+ 58. Kb5 g3 59. Bh3 Kh4
60. Bf1 Kg4 61. Kc4 Kf3 0-1

[Event "Moscow Open 2007"]
[Site "Moscow"]
[Date "2007.02.04"]
[Round "9"]
[White "Zvjaginsev, Vadim"]
[Black "Shaposhnikov, Evgeny"]
[Result "1-0"]
[WhiteElo "2658"]
[BlackElo "2554"]
[PlyCount "105"]
[EventDate "2007.??.??"]

1. e4 c5 2. d3 d5 3. Nd2 Nc6 4. g3 e5 5. Bg2 Be6 6. exd5 Bxd5 7. Ngf3 Bd6 8.
O-O Nge7 9. c3 O-O 10. a3 a5 11. a4 Bc7 12. Nc4 f6 13. Qb3 Rb8 14. Be3 b6 15.
Rad1 Kh8 16. Ne1 Bxg2 17. Nxg2 Qd5 18. Bc1 Qf3 19. Rd2 f5 20. Qd1 Qd5 21. f4
Ng6 22. Rdf2 Rbd8 23. fxe5 Ncxe5 24. Nge3 Qxd3 25. Qxd3 Rxd3 26. Rxf5 Rxf5 27.
Rxf5 Kg8 28. Na3 Ne7 29. Rf1 h5 30. Nec4 N7g6 31. Nxe5 Bxe5 32. Nc4 Bc7 33. Kf2
Rd7 34. Ke2 h4 35. gxh4 Nxh4 36. Bg5 Ng6 37. h4 Ne7 38. Ne3 Nc6 39. Rf5 Ne7 40.
Bxe7 Rxe7 41. Kd3 Re6 42. Nd5 Bd8 43. h5 Re1 44. Kc4 Re2 45. b3 Rg2 46. Kb5 Rb2
47. Kc4 Rg2 48. Rf3 Rg5 49. Rd3 Kf7 50. Rh3 Ke6 51. Nxb6 Bf6 52. h6 gxh6 53.
Rxh6 1-0

[Event "Moscow Open 2007"]
[Site "Moscow"]
[Date "2007.02.04"]
[Round "9"]
[White "Nikolenko, Oleg"]
[Black "Riazantsev, Alexander"]
[Result "0-1"]
[WhiteElo "2516"]
[BlackElo "2629"]
[PlyCount "116"]
[EventDate "2007.??.??"]

1. g3 d5 2. Bg2 Nf6 3. Nf3 c6 4. O-O Bf5 5. d3 e6 6. c4 dxc4 7. dxc4 Nbd7 8.
Nc3 Be7 9. h3 h6 10. Bf4 O-O 11. Qd2 Bb4 12. Qc1 Qa5 13. Bd2 Qa6 14. Ne4 Be7
15. Nxf6+ Bxf6 16. g4 Be4 17. g5 hxg5 18. Bxg5 Bxf3 19. Bxf6 Nxf6 20. Bxf3 Qa5
21. Rd1 Rfd8 22. Qe3 Rxd1+ 23. Rxd1 Qxa2 24. Qc3 Qa6 25. b4 Qb6 26. Rd6 a5 27.
b5 Qc5 28. Qd3 cxb5 29. cxb5 Nd5 30. Rxd5 exd5 31. Bxd5 a4 32. Bxb7 Qc1+ 33.
Kg2 Qg5+ 34. Kh2 Rd8 35. Qc4 a3 36. f4 Qf5 37. Bf3 a2 38. Qxa2 Qxf4+ 39. Kg2
Qg5+ 40. Bg4 Qxb5 41. Qc2 Qd5+ 42. Bf3 Qg5+ 43. Kf2 Qe5 44. Kg2 g6 45. Qc1 Kg7
46. Bg4 Ra8 47. Qd2 Ra5 48. Qc2 Qd4 49. Bf3 Ra1 50. e3 Qe5 51. Qd2 Rb1 52. Be2
Rb3 53. Kf3 Ra3 54. Bc4 Qf6+ 55. Kg2 Qc3 56. Qd5 Qb2+ 57. Kf3 Qf6+ 58. Ke2 Ra1
0-1

[Event "Moscow Open 2007"]
[Site "Moscow"]
[Date "2007.02.04"]
[Round "9"]
[White "Askarov, Marat"]
[Black "Fedorov, Alexei"]
[Result "1-0"]
[WhiteElo "2487"]
[BlackElo "2624"]
[PlyCount "99"]
[EventDate "2007.??.??"]

1. d4 Nf6 2. c4 g6 3. Nc3 Bg7 4. Nf3 d6 5. e4 O-O 6. Be2 e5 7. O-O Nc6 8. d5
Ne7 9. b4 Nh5 10. Re1 a5 11. bxa5 Rxa5 12. Nd2 Nf4 13. Bf1 Ra8 14. a4 Nh5 15.
Be2 Nf6 16. Nb3 c5 17. dxc6 bxc6 18. a5 c5 19. Nb5 Ra6 20. Qd3 Bb7 21. f3 Qb8
22. Bg5 h6 23. Be3 Rd8 24. Qd2 Kh7 25. Nc3 Nc6 26. Nd5 Nd7 27. Reb1 Qc8 28. Ra2
Nd4 29. Rab2 Bc6 30. Bd3 Ra7 31. Qe1 Qa6 32. Bd2 Bxd5 33. exd5 e4 34. fxe4 Rb8
35. Qd1 Rab7 36. Be1 Ne5 37. Bf1 f5 38. Bc3 fxe4 39. Nxd4 Rxb2 40. Bxb2 cxd4
41. Bxd4 Nf3+ 42. gxf3 Bxd4+ 43. Kh1 Rxb1 44. Qxb1 Qxa5 45. Qxe4 Be5 46. Bd3
Kh8 47. f4 Qa1+ 48. Kg2 Qb2+ 49. Kh3 Bf6 50. Qxg6 1-0

[Event "Moscow Open 2007"]
[Site "Moscow"]
[Date "2007.02.04"]
[Round "9"]
[White "Balashov, Yuri S"]
[Black "Shipov, Sergei"]
[Result "1/2-1/2"]
[WhiteElo "2422"]
[BlackElo "2591"]
[PlyCount "37"]
[EventDate "2007.??.??"]

1. d4 d5 2. c4 dxc4 3. e3 e6 4. Bxc4 c5 5. Nf3 a6 6. O-O Nf6 7. dxc5 Qxd1 8.
Rxd1 Bxc5 9. Nbd2 Nbd7 10. Be2 b6 11. Nb3 Be7 12. Bd2 Bb7 13. Rac1 O-O 14. Nfd4
Rfc8 15. f3 Nc5 16. Nxc5 Rxc5 17. Rxc5 Bxc5 18. Nb3 Be7 19. e4 1/2-1/2

[Event "Moscow Open 2007"]
[Site "Moscow"]
[Date "2007.02.04"]
[Round "9"]
[White "Rychagov, Andrey"]
[Black "Ionov, Sergey"]
[Result "0-1"]
[WhiteElo "2586"]
[BlackElo "2522"]
[PlyCount "124"]
[EventDate "2007.??.??"]

1. d4 Nf6 2. c4 e6 3. Nf3 b6 4. g3 Ba6 5. b3 Bb4+ 6. Bd2 Be7 7. Bg2 d5 8. cxd5
exd5 9. O-O O-O 10. Nc3 Bb7 11. Qc2 Na6 12. Rfd1 Qc8 13. a3 c5 14. Bf4 Rd8 15.
Ne1 Qe6 16. Nd3 Rac8 17. Be5 Qf5 18. Qb2 Ng4 19. Bh3 Qg5 20. Qd2 Qxd2 21. Rxd2
f5 22. Bxg4 fxg4 23. Nb5 Ra8 24. Nf4 Kf7 25. Rdd1 Bc6 26. Nc3 g5 27. Ng2 Ke6
28. Ne3 h5 29. h3 gxh3 30. g4 hxg4 31. Nxg4 cxd4 32. Bxd4 Nc5 33. Rab1 Bd6 34.
b4 Ne4 35. Rd3 Kf5 36. Nh6+ Kg6 37. Ng4 Bd7 38. Ne5+ Bxe5 39. Bxe5 Nxc3 40.
Rxc3 Re8 41. Re3 Kf5 42. Bd4 Rxe3 43. Bxe3 Bb5 44. Rd1 Rd8 45. Rd2 g4 46. Kh2
Bc4 47. Kg3 Rh8 48. Kh2 Re8 49. a4 Re5 50. Kg3 Bxe2 51. a5 bxa5 52. bxa5 a6 53.
Rd4 Bf3 54. Rf4+ Kg6 55. Rd4 Rh5 56. Kh2 Re5 57. Kg3 Re6 58. Rb4 Kf5 59. Rb6
Rxb6 60. axb6 d4 61. Bxd4 a5 62. Bc5 a4 0-1

[Event "Moscow Open 2007"]
[Site "Moscow"]
[Date "2007.02.04"]
[Round "9"]
[White "Lastin, Alexander"]
[Black "Kurenkov, Nikolai"]
[Result "1-0"]
[WhiteElo "2583"]
[BlackElo "2438"]
[PlyCount "49"]
[EventDate "2007.??.??"]

1. d4 Nf6 2. c4 d6 3. Nc3 e5 4. Nf3 e4 5. Ng5 Bf5 6. g4 Bxg4 7. Bg2 Nc6 8.
Ngxe4 Nxe4 9. Bxe4 Be7 10. Rg1 Qd7 11. Be3 f5 12. Bxc6 Qxc6 13. Nd5 Qxc4 14.
Nxe7 Qf7 15. h3 f4 16. Bxf4 Be6 17. d5 Bd7 18. Qd4 Rf8 19. Bg5 Bb5 20. Rg3 h6
21. Bd2 g5 22. Rf3 Qh5 23. Re3 Kf7 24. Qg4 Qxg4 25. hxg4 1-0

[Event "Moscow Open 2007"]
[Site "Moscow"]
[Date "2007.02.04"]
[Round "9"]
[White "Amonatov, Farrukh"]
[Black "Zemtsov, Igor"]
[Result "1-0"]
[WhiteElo "2559"]
[BlackElo "2364"]
[PlyCount "85"]
[EventDate "2007.??.??"]

1. e4 e6 2. d4 d5 3. Nc3 Bb4 4. e5 c5 5. a3 Bxc3+ 6. bxc3 Qa5 7. Bd2 Qa4 8. Qb1
c4 9. h4 f6 10. f4 h5 11. exf6 Nxf6 12. g3 Ne4 13. Ne2 Nc6 14. Bg2 Ne7 15. Be3
Nf5 16. Bxe4 dxe4 17. Kd2 O-O 18. Qb4 Qe8 19. Rae1 Nh6 20. Qxc4 Bd7 21. Qb4 b5
22. c4 a5 23. Qb2 bxc4 24. Qb6 Rf5 25. Rb1 Bc6 26. Nc3 Rc8 27. Qa6 Ng4 28. Rb6
Nf6 29. Rhb1 Kh7 30. Qxc4 Nd5 31. Nxd5 Bxd5 32. Qa6 Bc4 33. Qb7 Bd5 34. Qa6 Bc4
35. Qa7 Qg6 36. Rb7 Bd5 37. Rc7 Ra8 38. Qb6 Rf6 39. Qd6 Rg8 40. c4 Qxg3 41. Rg1
Qh2+ 42. Kd1 Qh3 43. Ke2 1-0

[Event "Moscow Open 2007"]
[Site "Moscow"]
[Date "2007.02.04"]
[Round "9"]
[White "Ulko, Jaroslav"]
[Black "Kornev, Alexei"]
[Result "1-0"]
[WhiteElo "2460"]
[BlackElo "2582"]
[PlyCount "71"]
[EventDate "2007.??.??"]

1. d4 d5 2. c4 c6 3. Nf3 Nf6 4. Nc3 dxc4 5. a4 Bf5 6. e3 e6 7. Bxc4 Bb4 8. O-O
Nbd7 9. Qe2 Bg4 10. Rd1 Qa5 11. Bd2 Qh5 12. e4 e5 13. d5 O-O 14. dxc6 bxc6 15.
h3 Bxf3 16. Qxf3 Qg6 17. Qf5 Bc5 18. Rac1 Rfd8 19. Qxg6 hxg6 20. Kf1 Rab8 21.
b3 Nb6 22. Ba6 Nbd7 23. Bc4 Bd4 24. f3 Nb6 25. Ba6 Nc8 26. Ne2 c5 27. b4 cxb4
28. Nxd4 exd4 29. Bf4 Nd6 30. Rxd4 Nfe8 31. Rb1 Rb6 32. Bb5 Rc8 33. Bd7 Rc2 34.
a5 Ra6 35. Rdxb4 Rxa5 36. Rb8 1-0

[Event "Moscow Open 2007"]
[Site "Moscow"]
[Date "2007.02.04"]
[Round "9"]
[White "Belov, Vladimir"]
[Black "Geller, Jakov"]
[Result "1/2-1/2"]
[WhiteElo "2600"]
[BlackElo "2490"]
[PlyCount "122"]
[EventDate "2007.??.??"]

1. e4 c5 2. Nf3 e6 3. d4 cxd4 4. Nxd4 Nc6 5. Nc3 Qc7 6. Be3 a6 7. Qd2 Nf6 8.
O-O-O Bb4 9. f3 Ne5 10. Nb3 b5 11. Qe1 Be7 12. f4 Ng6 13. e5 Ng4 14. Ne4 O-O
15. Bc5 Bb7 16. h3 Nh6 17. Bxe7 Nxe7 18. Bd3 Nd5 19. Qa5 Qxa5 20. Nxa5 Ra7 21.
Nxb7 Rxb7 22. Nd6 Rc7 23. g3 f6 24. Rhe1 fxe5 25. Rxe5 Rc6 26. Nb7 Nf7 27. Ree1
Rc7 28. Na5 Nd6 29. Kb1 g6 30. Rd2 Kf7 31. Nb3 Nf5 32. Rg1 Ke7 33. Be4 Nf6 34.
Bf3 h5 35. Nc1 h4 36. g4 Ng3 37. Re1 Rc4 38. Nd3 d6 39. b3 Nfe4 40. Rg2 Rd4 41.
Bxe4 Rxe4 42. Rxe4 Nxe4 43. g5 Ng3 44. Kb2 Rf5 45. Rf2 Ne4 46. Rg2 Ng3 47. Rf2
Kd7 48. c4 bxc4 49. bxc4 Ne4 50. Rg2 Ng3 51. Rd2 Ne4 52. Rd1 Ke7 53. Rg1 Ng3
54. Re1 Nh5 55. Re4 Ng3 56. Re3 Nh5 57. Re4 Ng3 58. Re1 Nh5 59. Re4 Ng3 60. Re1
Nh5 61. Re4 Ng3 1/2-1/2

[Event "Moscow Open 2007"]
[Site "Moscow"]
[Date "2007.02.04"]
[Round "9"]
[White "Dvalishvili, Pavel S"]
[Black "Burmakin, Vladimir"]
[Result "0-1"]
[WhiteElo "2477"]
[BlackElo "2568"]
[PlyCount "42"]
[EventDate "2007.??.??"]

1. e4 c6 2. d4 d5 3. exd5 cxd5 4. Bd3 Nc6 5. c3 Nf6 6. Bg5 g6 7. Nd2 Bg7 8.
Ngf3 O-O 9. h3 Qd6 10. O-O Bf5 11. Bxf5 gxf5 12. Bxf6 Bxf6 13. Qe2 Kh8 14. Rfe1
Rg8 15. Ne5 Bxe5 16. dxe5 Qg6 17. Qf3 e6 18. Re2 Qg5 19. Nb3 f4 20. Rae1 Rg6
21. Nd4 Na5 0-1

[Event "Moscow Open 2007"]
[Site "Moscow"]
[Date "2007.02.04"]
[Round "9"]
[White "Rakhmanov, Aleksandr"]
[Black "Zontakh, Andrey"]
[Result "1/2-1/2"]
[WhiteElo "2473"]
[BlackElo "2562"]
[PlyCount "33"]
[EventDate "2007.??.??"]

1. d4 Nf6 2. c4 e6 3. Nc3 Bb4 4. Qc2 O-O 5. a3 Bxc3+ 6. Qxc3 Ne4 7. Qc2 f5 8.
Nh3 d6 9. f3 Nf6 10. e3 e5 11. dxe5 dxe5 12. Be2 Nc6 13. O-O a5 14. Nf2 Qe7 15.
Bd2 Be6 16. Rad1 a4 17. Nd3 1/2-1/2

[Event "Moscow Open 2007"]
[Site "Moscow"]
[Date "2007.02.04"]
[Round "9"]
[White "Gareev, Timur"]
[Black "Khruschiov, Alexey"]
[Result "1-0"]
[WhiteElo "2551"]
[BlackElo "2456"]
[PlyCount "75"]
[EventDate "2007.??.??"]

1. d4 Nf6 2. c4 e6 3. Nc3 Bb4 4. e3 O-O 5. Nge2 Re8 6. a3 Bf8 7. d5 d6 8. g3
Nbd7 9. dxe6 fxe6 10. Bg2 Nb6 11. b3 d5 12. cxd5 exd5 13. O-O Bg4 14. h3 Bh5
15. Bb2 Qd7 16. g4 Bf7 17. Ng3 h6 18. a4 Rad8 19. a5 Nc8 20. Qc2 c5 21. Na4 b6
22. axb6 axb6 23. Bxf6 gxf6 24. Nc3 Ne7 25. Ra6 d4 26. Nce4 Nd5 27. exd4 cxd4
28. Ra4 Bg7 29. Nf5 Qc7 30. Qxc7 Nxc7 31. Ned6 Bxb3 32. Nxe8 Bxa4 33. Nxc7 d3
34. Ne6 Rd7 35. Nexg7 d2 36. Bf3 d1=Q 37. Bxd1 Bxd1 38. Ne8 1-0

[Event "Moscow Open 2007"]
[Site "Moscow"]
[Date "2007.02.04"]
[Round "9"]
[White "Krapivin, Alexander"]
[Black "Sorokin, Maxim"]
[Result "1-0"]
[WhiteElo "2478"]
[BlackElo "2547"]
[PlyCount "63"]
[EventDate "2007.??.??"]

1. e4 c5 2. Nc3 e6 3. g3 a6 4. Bg2 b5 5. d3 Bb7 6. f4 Nf6 7. Nf3 d6 8. O-O Nbd7
9. h3 Qc7 10. g4 h6 11. Ne2 Be7 12. Ng3 Nh7 13. Qe2 d5 14. e5 d4 15. Ne4 O-O
16. Bd2 Rae8 17. g5 Kh8 18. h4 Rg8 19. Rf2 f5 20. Nd6 Bxd6 21. exd6 Qxd6 22.
Ne5 Nxe5 23. fxe5 Qe7 24. Bxb7 Qxb7 25. g6 Nf8 26. Qh5 Rd8 27. Rg2 Rd5 28. Bf4
Rd7 29. Kh2 Qc7 30. Rag1 Re7 31. Kh3 Qb7 32. Bg5 1-0

[Event "Moscow Open 2007"]
[Site "Moscow"]
[Date "2007.02.04"]
[Round "9"]
[White "Deviatkin, Andrei"]
[Black "Obodchuk, Andrei"]
[Result "1-0"]
[WhiteElo "2544"]
[BlackElo "2410"]
[PlyCount "95"]
[EventDate "2007.??.??"]

1. e4 c5 2. f4 e6 3. Nf3 d5 4. Bb5+ Bd7 5. Bxd7+ Nxd7 6. d3 Ngf6 7. Qe2 Be7 8.
e5 Ng8 9. c4 d4 10. O-O Nh6 11. Nbd2 Nf5 12. Ne4 h5 13. Bd2 Qc7 14. Rfb1 a5 15.
b3 Qc6 16. a3 b5 17. Nf2 O-O 18. a4 b4 19. Ne4 g6 20. g3 Kg7 21. Kf2 Rh8 22.
Ke1 Rag8 23. Kd1 Kf8 24. Kc2 Ke8 25. Rh1 Kd8 26. h3 Kc7 27. g4 Ng7 28. Rag1 Nb6
29. Kb2 Ra8 30. Nfg5 Raf8 31. Rf1 Nd7 32. Be1 Kb7 33. Bh4 hxg4 34. hxg4 f5 35.
exf6 Nxf6 36. Be1 Nxe4 37. Nxe4 Rxh1 38. Rxh1 Rxf4 39. Rh7 Rf7 40. Qh2 Bf8 41.
Bg3 Rd7 42. Qf2 Nf5 43. Rxd7+ Qxd7 44. gxf5 exf5 45. Qf4 fxe4 46. Qxf8 exd3 47.
Qb8+ Ka6 48. Qd6+ 1-0

[Event "Moscow Open 2007"]
[Site "Moscow"]
[Date "2007.02.04"]
[Round "9"]
[White "Petrushin, Alexander I"]
[Black "Oleksienko, Mikhailo"]
[Result "0-1"]
[WhiteElo "2473"]
[BlackElo "2541"]
[PlyCount "76"]
[EventDate "2007.??.??"]

1. e4 c5 2. Nf3 e6 3. d4 cxd4 4. Nxd4 a6 5. Nc3 b5 6. Bd3 Qb6 7. Nb3 Qc7 8. O-O
Bb7 9. f4 b4 10. Nb1 Nf6 11. N1d2 d6 12. Qe2 Nbd7 13. Kh1 Be7 14. a3 bxa3 15.
Rxa3 d5 16. Ra1 dxe4 17. Nxe4 O-O 18. Nc3 Bb4 19. Bd2 Qd6 20. Ra4 Rfc8 21. Nb5
axb5 22. Bxb4 Qxd3 23. cxd3 bxa4 24. Nd4 Nd5 25. Ba3 g6 26. Nb5 Ba6 27. Nd6 Rc6
28. g4 N7f6 29. f5 exf5 30. gxf5 Rd8 31. Qe5 Bxd3 32. fxg6 Rdxd6 33. Bxd6 Bxf1
34. gxh7+ Kh8 35. Kg1 Bd3 36. Ba3 Kxh7 37. Qd4 Rc1+ 38. Kf2 Ne4+ 0-1

[Event "Moscow Open 2007"]
[Site "Moscow"]
[Date "2007.02.04"]
[Round "9"]
[White "Sergienko, Sergey"]
[Black "Popov, Ivan"]
[Result "1-0"]
[WhiteElo "2467"]
[BlackElo "2531"]
[PlyCount "51"]
[EventDate "2007.??.??"]

1. d4 g6 2. c4 Bg7 3. e4 d6 4. Nc3 e5 5. d5 f5 6. exf5 gxf5 7. f4 Qh4+ 8. g3
Qe7 9. fxe5 dxe5 10. Qh5+ Qf7 11. Qxf7+ Kxf7 12. Nf3 Ne7 13. Be3 b6 14. Bg2 e4
15. Nd4 c5 16. Ndb5 Be5 17. O-O a6 18. d6 axb5 19. Bxe4 Ra7 20. dxe7 Bxc3 21.
bxc3 Kg6 22. Rad1 Rxe7 23. Rd6+ Kg7 24. Bh6+ Kf7 25. Bd5+ Be6 26. Bg5 1-0

[Event "Moscow Open 2007"]
[Site "Moscow"]
[Date "2007.02.04"]
[Round "9"]
[White "Konovalov, Nikolay"]
[Black "Iljin, Artem"]
[Result "0-1"]
[WhiteElo "2463"]
[BlackElo "2529"]
[PlyCount "106"]
[EventDate "2007.??.??"]

1. d4 Nf6 2. c4 e6 3. Nc3 Bb4 4. f3 c5 5. d5 Nh5 6. Nh3 d6 7. Nf2 f5 8. g4 Nf6
9. g5 Nh5 10. dxe6 Bxe6 11. f4 O-O 12. Bg2 Bxc3+ 13. bxc3 Qe7 14. Bd5 Nd7 15.
Bxb7 Rae8 16. Bf3 g6 17. O-O Bxc4 18. Re1 h6 19. e4 hxg5 20. Bxh5 gxh5 21. Qxh5
Nf6 22. Qg6+ Qg7 23. Qxg7+ Kxg7 24. fxg5 Nxe4 25. Bf4 Re6 26. Rad1 Rd8 27. Kg2
Kg6 28. h4 Kh5 29. Bg3 Nxc3 30. Rxe6 Bxe6 31. Rxd6 Bd5+ 32. Kh2 Rxd6 33. Bxd6
c4 34. Nh3 Kxh4 35. Nf4 Bg8 36. g6 Nxa2 37. g7 Nc3 38. Ng6+ Kg5 39. Ne7 Bf7 40.
g8=Q+ Bxg8 41. Nxg8 Ne2 42. Be7+ Kf4 43. Nf6 Ke5 44. Nh5 c3 45. Bf6+ Ke4 46.
Ng3+ Nxg3 47. Kxg3 Kd3 48. Kf4 c2 49. Bb2 Kd2 50. Kxf5 c1=Q 51. Bxc1+ Kxc1 52.
Ke4 a5 53. Kd4 Kb2 0-1

[Event "Moscow Open 2007"]
[Site "Moscow"]
[Date "2007.02.04"]
[Round "9"]
[White "Yandemirov, Valeri"]
[Black "Kachar, Vladimir"]
[Result "1-0"]
[WhiteElo "2523"]
[BlackElo "2364"]
[PlyCount "97"]
[EventDate "2007.??.??"]

1. e4 c5 2. Nf3 e6 3. c4 Nc6 4. Nc3 Nf6 5. Be2 d5 6. exd5 exd5 7. d4 Be6 8. Be3
cxd4 9. Nxd4 Nxd4 10. Bxd4 dxc4 11. O-O Be7 12. Qa4+ Qd7 13. Qxd7+ Bxd7 14.
Bxc4 O-O 15. Nd5 Nxd5 16. Bxd5 Bf6 17. Bxf6 gxf6 18. Rfc1 Rab8 19. Rc7 Be6 20.
Bxb7 Rfd8 21. a3 a5 22. b4 axb4 23. axb4 Rd2 24. b5 Rb2 25. Bc6 Bc4 26. h3 Bxb5
27. Bd5 Be8 28. Raa7 Rd2 29. Bxf7+ Bxf7 30. Rxf7 Rb1+ 31. Kh2 Rxf2 32. Rg7+ Kh8
33. Rxh7+ Kg8 34. Rag7+ Kf8 35. Rf7+ Kg8 36. Rhg7+ Kh8 37. Rg6 Rb6 38. Kg3 Rbb2
39. Kh2 f5 40. Kg1 f4 41. Rf5 Kh7 42. Rg4 Kh6 43. Rfxf4 Rxf4 44. Rxf4 Kg5 45.
Rc4 Rb3 46. Kh2 Ra3 47. Rc5+ Kh6 48. h4 Rb3 49. g3 1-0

[Event "Moscow Open 2007"]
[Site "Moscow"]
[Date "2007.02.04"]
[Round "9"]
[White "Tarlev, Konstantin"]
[Black "Gabrielian, Artur"]
[Result "1/2-1/2"]
[WhiteElo "2454"]
[BlackElo "2521"]
[PlyCount "108"]
[EventDate "2007.??.??"]

1. e4 c5 2. Nf3 d6 3. d4 cxd4 4. Nxd4 Nf6 5. Nc3 a6 6. Be2 e6 7. f4 Be7 8. Be3
Qc7 9. O-O O-O 10. a4 Nc6 11. Kh1 Re8 12. Qe1 Nxd4 13. Bxd4 e5 14. fxe5 dxe5
15. Qg3 Bd8 16. Be3 Kh8 17. Rf2 Be6 18. Raf1 Rc8 19. Bg5 Qb6 20. Bxf6 Bxf6 21.
b3 Qd4 22. Rf3 Qd2 23. Bc4 Bxc4 24. bxc4 Rxc4 25. Nd5 Rxc2 26. h4 Rc1 27. Rxc1
Qxc1+ 28. Kh2 Qc6 29. Qf2 Rf8 30. a5 Bd8 31. Rxf7 Rg8 32. h5 Qd6 33. Rxb7 Rf8
34. Rf7 Kg8 35. Rxf8+ Qxf8 36. Qe2 Qd6 37. Qc4 Kf8 38. Qc8 Kg8 39. g3 Kf7 40.
Qf5+ Kg8 41. Qc8 h6 42. Kh3 Kf7 43. Qb7+ Kg8 44. Qb4 Qxb4 45. Nxb4 Bxa5 46.
Nxa6 Kf7 47. Nc5 Bb6 48. Nd3 Bd4 49. Ne1 Kf6 50. Nf3 Bc5 51. Kg4 Bb4 52. Nh4
Bc5 53. Nf5 Ba3 54. Nh4 Bc1 1/2-1/2

[Event "Moscow Open 2007"]
[Site "Moscow"]
[Date "2007.02.04"]
[Round "9"]
[White "Prokopchuk, Evgeny"]
[Black "Chudinovskikh, Alexander M"]
[Result "1-0"]
[WhiteElo "2516"]
[BlackElo "2359"]
[PlyCount "137"]
[EventDate "2007.??.??"]

1. e4 e5 2. Nf3 Nc6 3. Nc3 Nf6 4. Bb5 Nd4 5. Ba4 Bc5 6. d3 O-O 7. O-O c6 8.
Nxd4 exd4 9. Ne2 d5 10. exd5 Nxd5 11. Nf4 Bd6 12. Nxd5 cxd5 13. Qf3 Qc7 14. h3
Be6 15. Bb3 Rad8 16. Re1 Be5 17. Bg5 f6 18. Bf4 Bf7 19. Bxe5 fxe5 20. Qg3 Rfe8
21. Re2 Bh5 22. f3 Re6 23. Rae1 Rg6 24. Qxe5 Qxe5 25. Rxe5 Bxf3 26. g4 Rf6 27.
Kh2 h6 28. Kg3 b5 29. Rf1 Rdf8 30. Rf5 Rxf5 31. gxf5 Bh5 32. Bxd5+ Bf7 33.
Bxf7+ Kxf7 34. Re1 Rc8 35. Re2 b4 36. Kf4 a5 37. b3 Rc7 38. Re5 Rxc2 39. Rxa5
Rh2 40. Ke5 Rxh3 41. Ra7+ Kf8 42. Kxd4 h5 43. a4 bxa3 44. b4 Rh2 45. Rxa3 Rb2
46. Kc5 Rc2+ 47. Kd4 h4 48. Ra8+ Ke7 49. Rh8 Rh2 50. b5 h3 51. b6 Rb2 52. Kc5
h2 53. d4 Rc2+ 54. Kd5 Rb2 55. Kc6 Rc2+ 56. Kd5 Rb2 57. b7 Rxb7 58. Rxh2 Rb1
59. Rg2 Kf6 60. Rg6+ Kxf5 61. Rxg7 Kf6 62. Rd7 Ra1 63. Rc7 Ra4 64. Kc5 Ra5+ 65.
Kd6 Ra6+ 66. Rc6 Ra7 67. d5 Rb7 68. Rc1 Kf7 69. Rc7+ 1-0